| 000 | 00933cam a2200277 a 4500 | ||
|---|---|---|---|
| 001 | 000011877 | ||
| 005 | 20200929162612.0 | ||
| 008 | 990413s2000 mauab 001 0 eng | ||
| 010 | _a99023951 | ||
| 020 | _a0072309849 (student ed. : alk. paper) | ||
| 020 | _a0072309237 (teacher's ed.) | ||
| 040 |
_aDO-SdBNP _cDLC _dDLC _dBNPHU |
||
| 041 | 0 | 7 |
_aeng _2spa |
| 082 |
_a468.2 _bN597m |
||
| 100 | 1 |
_aNicholas, Robert L. _928070 |
|
| 245 | 1 | 0 |
_aMotivos de conversacion : _bessentials of Spanish / _cRobert L. Nicholas, Maria Canteli Dominicis. |
| 250 | _a5a ed. | ||
| 260 |
_aBoston : _bMcGraw-Hill, _c2000. |
||
| 300 |
_axxii, 440 p. : _bil. maps. ; _c27 cm. |
||
| 546 | _aInglés y español | ||
| 500 | _aIncluye índice | ||
| 650 | 4 |
_aLengua española _xGramática _928071 |
|
| 650 | 4 |
_aLengua española _xLibros de texto _xInglés _928072 |
|
| 700 | 1 |
_aDominicis, Maria Canteli. _928073 |
|
| 910 | _aCatalogación por copia / LC | ||
| 999 |
_c11549 _d11549 |
||